Mais oui c'est un travail! : penser le travail du sexe au-delà de la victimisation /

Bibliographic Details
Other Authors: Parent, Colette, 1947-
Format: eBook
Language:French
Published: Quebec, Quebec : Presses de l'Universite du Quebec, 2010.
Series:Collection Problèmes sociaux & interventions sociales.
Subjects:
Online Access:Connect to the full text of this electronic book

MARC

Tag First Indicator Second Indicator Subfields
LEADER 00000cam a22000004a 4500
001 in00003423613
005 20190405203946.0
006 m o d
007 cr |||||||nn|n
008 100520s2010 quc o d fre d
010 |z  2010362835 
020 |a 9782760525504 
020 |z 9782760525498 (pbk.) 
035 |a (MdBmJHUP)muse9782760525504 
040 |a MdBmJHUP  |c MdBmJHUP  |d UtOrBLW 
050 0 0 |a HQ118  |b .M34 2010 
082 0 0 |a 306.74  |2 22 
245 0 0 |a Mais oui c'est un travail! :  |b penser le travail du sexe au-delà de la victimisation /  |c Colette Parent [and others]. 
264 1 |a Quebec, Quebec :  |b Presses de l'Universite du Quebec,  |c 2010. 
300 |a 1 online resource (xvi, 137 pages ) 
336 |a text  |b txt  |2 rdacontent 
337 |a computer  |b c  |2 rdamedia 
338 |a online resource  |b cr  |2 rdacarrier 
490 1 |a Collection Problemes sociaux & interventions sociales 
504 |a Includes bibliographical references. 
588 |a Description based on print version record. 
500 |a Electronic resource. 
650 0 |a Prostitutes  |x Civil rights. 
650 0 |a Victims of crimes. 
650 0 |a Prostitution. 
655 7 |a Electronic books.  |2 local 
700 1 |a Parent, Colette,  |d 1947- 
856 4 0 |u http://proxy.library.tamu.edu/login?url=http://muse.jhu.edu/books/9782760525504/  |z Connect to the full text of this electronic book  |t 0 
830 0 |a Collection Problèmes sociaux & interventions sociales. 
999 |a MARS 
999 f f |s 4fbb262d-f6b1-3550-9bf2-483f0d12ab43  |i 467be70c-e69a-38e9-9867-98b171511de2  |t 0 
952 f f |a Texas A&M University  |b College Station  |c Electronic Resources  |d Available Online  |t 0  |e HQ118 .M34 2010  |h Library of Congress classification 
998 f f |a HQ118 .M34 2010  |t 0  |l Available Online